Currencies of Asia (with map) - Statistics

General Stats
  • This quiz has been taken 1,526 times
  • The average score is 27 of 48
Answers on the Map
Answers color-coded by a green-red scale on the quiz's map according to % correct below.
 
Answer Stats
Country % Correct
Yen
97%
Rupee
93%
Rupee
93%
Rupee
93%
Rupee
93%
Renminbi
87%
Dollar
81%
Dollar
81%
Dollar
81%
Dollar
81%
Won
80%
Won
80%
Lira
78%
Dinar
76%
Dinar
76%
Dinar
76%
Dinar
76%
Baht
68%
Dong
67%
Rial
64%
Rial
64%
Rial
64%
Shekel
61%
Peso
58%
Riel
57%
Euro
55%
Pound
54%
Pound
54%
Rupiah
53%
Riyal
51%
Riyal
51%
Dirham
49%
Afghani
41%
Ringgit
39%
Som
33%
Som
33%
Manat
28%
Manat
28%
Dram
27%
Tenge
27%
Kip
26%
Taka
26%
Lari
25%
Tögrög
22%
Kyat
21%
Somoni
21%
Rufiyaa
19%
Ngultrum
18%
No matching quizzes found
Score Distribution
Percent of People with Each Score
Percentile by Number Answered
Your Score History
You have not taken this quiz